Województwa w Polsce - od najmniejszego do najwiekszego - Statystyki

Ogólne statystyki
  • Ten quiz został rozwiązany 96 razy
  • Średni wynik to 7 z 16
Statystyki odpowiedzi
Powierzchnia # Poziom Trudności Pierwsza Litera Województwo % Poprawnych
9 412 km² 1. Łatwe - Opolskie
84%
12 333 km² 3. Bardzo Łatwe Ś Śląskie
73%
11 711 km² 2. Łatwe - Świętokrzyskie
63%
35 558 km² 16. Bardzo Łatwe - Mazowieckie
52%
29 826 km² 15. Średnie W Wielkopolskie
52%
17 846 km² 6. Średnie P Podkarpackie
51%
13 988 km² 4. Średnie - Lubuskie
46%
18 310 km² 9. Średnie P Pomorskie
44%
22 892 km² 12. Średnie Z Zachodniopomorskie
41%
17 972 km² 7. Średnie - Kujawsko-Pomorskie
35%
15 183 km² 5. Średnie - Małopolskie
35%
18 219 km² 8. Trudne - Łódzkie
27%
25 122 km² 14. Bardzo Trudne - Lubelskie
24%
24 173 km² 13. Bardzo Trudne - Warmińsko-Mazurskie
22%
19 947 km² 10. Trudne - Dolnośląskie
21%
20 187 km² 11. Trudne - Podlaskie
17%
Nie znaleziono quizów pasujących do podanych kryteriów
Rozkład punktacji
Procent ludzi z każdym wynikiem
Percentyl według liczby udzielonych odpowiedzi
Twoja historia wyników
Nie rozwiązałeś tego quizu